[Event "Dimanche 2004.05.09"]
[Site "Montreal CAN"]
[Date "2004.06.13"]
[Round "5"]
[White "Bolduc, Steve"]
[Black "Lacroix, Serge"]
[Result "1/2-1/2"]
[WhiteElo "2163"]
[BlackElo "2048"]
[PlyCount "94"]
[EventDate "2004.05.09"]
[EventType "tourn"]
[EventRounds "5"]
[EventCountry "CAN"]

1. d4 Nf6 2. c4 g6 3. Nc3 d5 4. Nf3 Bg7 5. Bg5 Ne4 6. cxd5 Nxg5 7. Nxg5 e6 8.
Qd2 h6 9. dxe6 hxg5 10. exf7+ Kf8 11. O-O-O Be6 12. Ne4 Bxf7 13. Nxg5 Bxa2 14.
d5 Qxg5 15. Qxg5 Bh6 16. Qxh6+ Rxh6 17. e4 c6 18. Kc2 cxd5 19. b3 Nc6 20. exd5
Nb4+ 21. Kb2 a5 22. Bb5 Rh5 23. Be2 Rxd5 24. Rxd5 Nxd5 25. Bf3 Nb4 26. Bxb7 Rd8
27. Be4 Rd2+ 28. Ka3 g5 29. Rc1 Rxf2 30. Rc5 Re2 31. Bf3 Re3 32. Rxa5 Rxb3+ 33.
Ka4 Nd3 34. Rxg5 Nb2+ 35. Ka5 Nc4+ 36. Ka6 Rb6+ 37. Ka7 Rb4 38. Bd5 Ra4+ 39.
Kb8 Ne3 40. Bc6 Rb4+ 41. Kc7 Rd4 42. Rg3 Nd5+ 43. Bxd5 Bxd5 44. Rg5 Be6 45. g3
Kf7 46. Kc6 Kf6 47. h4 Rg4 1/2-1/2

[Event "Marathon de Granby-A"]
[Site "Granby CAN"]
[Date "2004.05.01"]
[Round "2"]
[White "Lacroix, Serge"]
[Black "Rivest, Jean-Michel"]
[Result "1-0"]
[WhiteElo "2078"]
[BlackElo "1899"]
[PlyCount "53"]
[EventDate "2004.04.30"]
[EventType "swiss"]
[EventRounds "7"]
[EventCountry "CAN"]

1. d4 d5 2. c4 c6 3. Nc3 Nf6 4. Bf4 e6 5. Nf3 Nbd7 6. e3 Be7 7. Bd3 dxc4 8.
Bxc4 b5 9. Bd3 Bb7 10. O-O O-O 11. a3 a6 12. b4 a5 13. Qb3 Nh5 14. Bg3 Nxg3 15.
hxg3 Qc7 16. Rab1 axb4 17. axb4 Ra7 18. Qc2 Qb6 19. Bxh7+ Kh8 20. Bd3 Nf6 21.
Ne5 Kg8 22. Ne4 Rfa8 23. Ng5 Nd5 24. Nexf7 Nxb4 25. Bh7+ Kf8 26. Nxe6+ Ke8 27.
Rxb4 1-0

[Event "Marathon de Granby-A"]
[Site "Granby CAN"]
[Date "2004.05.01"]
[Round "3"]
[White "Lacroix, Serge"]
[Black "Leger, Michel"]
[Result "1-0"]
[WhiteElo "2078"]
[BlackElo "1947"]
[PlyCount "95"]
[EventDate "2004.04.30"]
[EventType "swiss"]
[EventRounds "7"]
[EventCountry "CAN"]

1. d4 d5 2. c4 c6 3. Nc3 Nf6 4. Bf4 e6 5. Nf3 Bd6 6. Bxd6 Qxd6 7. e3 Nbd7 8.
Rc1 O-O 9. Bd3 e5 10. cxd5 cxd5 11. dxe5 Nxe5 12. Nxe5 Qxe5 13. O-O Ng4 14. g3
Qh5 15. h4 g5 16. Nxd5 gxh4 17. Qxg4+ Qxg4 18. Nf6+ Kh8 19. Nxg4 Bxg4 20. gxh4
Bf3 21. Kh2 Rad8 22. Rc3 Rg8 23. Re1 Bc6 24. Rg1 Rxg1 25. Kxg1 Rg8+ 26. Kf1 Bf3
27. Rc7 Kg7 28. Bc4 Rf8 29. Be2 Bd5 30. Bc4 Bf3 31. a4 a6 32. b4 Kg6 33. Be2
Bd5 34. h5+ Kg7 35. f3 b5 36. e4 Bb3 37. a5 Rd8 38. Rc6 Ra8 39. h6+ Kf8 40. Kf2
Ke7 41. Ke3 Be6 42. f4 f6 43. Rc7+ Kd6 44. Rxh7 Rc8 45. Ra7 Rc3+ 46. Kd4 Rh3
47. Rxa6+ Ke7 48. Rxe6+ 1-0

[Event "Marathon de Granby-A"]
[Site "Granby CAN"]
[Date "2004.05.02"]
[Round "7"]
[White "Lacroix, Serge"]
[Black "Caire, Francois"]
[Result "0-1"]
[WhiteElo "2078"]
[BlackElo "2094"]
[PlyCount "52"]
[EventDate "2004.04.30"]
[EventType "swiss"]
[EventRounds "7"]
[EventCountry "CAN"]

1. d4 Nf6 2. c4 e6 3. Nc3 Bb4 4. e3 b6 5. Nge2 Ba6 6. a3 Be7 7. Nf4 d5 8. b3
O-O 9. Bd3 dxc4 10. bxc4 Nbd7 11. O-O e5 12. Nfd5 Bd6 13. h3 Re8 14. Qc2 h6 15.
Nxf6+ Qxf6 16. Qa4 exd4 17. Nd5 Qd8 18. exd4 Bb7 19. Ne3 Qg5 20. Ng4 Qe7 21.
Bb2 h5 22. Ne5 Nxe5 23. dxe5 Qg5 24. g3 h4 25. exd6 hxg3 26. f4 Qc5+ 0-1

[Event "Laval XXI"]
[Site "Laval CAN"]
[Date "2004.04.16"]
[Round "1"]
[White "Angers, Gilles"]
[Black "Lacroix, Serge"]
[Result "1/2-1/2"]
[WhiteElo "1964"]
[BlackElo "2142"]
[PlyCount "50"]
[EventDate "2004.04.16"]
[EventType "swiss"]
[EventRounds "5"]
[EventCountry "CAN"]

1. Nf3 Nf6 2. g3 g6 3. b4 Bg7 4. Bb2 O-O 5. Bg2 a5 6. a3 axb4 7. axb4 Rxa1 8.
Bxa1 d6 9. d3 Na6 10. c3 c6 11. e4 e5 12. Nbd2 Nh5 13. O-O f5 14. exf5 Bxf5 15.
Nc4 Nc7 16. Ne3 Be6 17. c4 Nf6 18. Ng5 Bc8 19. d4 Ng4 20. h4 Nxe3 21. fxe3 exd4
22. Bxd4 Bxd4 23. Qxd4 Rxf1+ 24. Bxf1 Ne6 25. Nxe6 Bxe6 1/2-1/2

[Event "Laval XXI"]
[Site "Laval CAN"]
[Date "2004.04.18"]
[Round "4"]
[White "Lacroix, Serge"]
[Black "Auger, Bertrand"]
[Result "0-1"]
[WhiteElo "2142"]
[BlackElo "2007"]
[PlyCount "110"]
[EventDate "2004.04.16"]
[EventType "swiss"]
[EventRounds "5"]
[EventCountry "CAN"]

1. d4 e6 2. c4 Nf6 3. Nc3 Bb4 4. e3 b6 5. Nge2 Bb7 6. a3 Be7 7. Nf4 O-O 8. Bd3
d6 9. O-O Nbd7 10. b4 a5 11. Bb2 Re8 12. Qc2 Bf8 13. f3 g6 14. Ne4 d5 15. Nxf6+
Nxf6 16. c5 c6 17. g4 Nd7 18. Bc3 Ba6 19. Bxa6 Rxa6 20. Nd3 Ra8 21. f4 Qc7 22.
g5 a4 23. h4 b5 24. Rf2 f6 25. gxf6 Nxf6 26. Rg2 Re7 27. Rf1 Rg7 28. Rf3 Be7
29. Be1 Ne4 30. Rh3 Rf8 31. h5 g5 32. h6 Rgf7 33. Ne5 Rf5 34. Qe2 Kh8 35. fxg5
Nxg5 36. Rhg3 Bf6 37. Nf3 Nxf3+ 38. Rxf3 Qf7 39. Rxf5 exf5 40. Bg3 Rg8 41. Bf4
Rxg2+ 42. Kxg2 Qg6+ 43. Kf1 Kg8 44. Qh2 Qg4 45. Ke1 Qh4+ 46. Qxh4 Bxh4+ 47. Ke2
Kf7 48. Kf3 Kg6 49. Bg3 Bg5 50. Bf4 Kxh6 51. Kg3 Kh5 52. Kh3 h6 53. Kg3 Bh4+
54. Kf3 Kg6 55. Bg3 Kg5 0-1

[Event "Laval XXI"]
[Site "Laval CAN"]
[Date "2004.04.18"]
[Round "5"]
[White "Lacroix, Serge"]
[Black "Anastasovski, Nikola"]
[Result "0-1"]
[WhiteElo "2142"]
[BlackElo "2060"]
[PlyCount "105"]
[EventDate "2004.04.16"]
[EventType "swiss"]
[EventRounds "5"]
[EventCountry "CAN"]

1. d4 f5 2. c4 e6 3. Nc3 Bb4 4. Qc2 Nf6 5. a3 Bxc3+ 6. Qxc3 b6 7. Nf3 Bb7 8. g3
O-O 9. Bg2 d6 10. O-O Nbd7 11. b4 Qe7 12. Bb2 Rae8 13. Rfe1 Be4 14. Nd2 Bxg2
15. Kxg2 Ne4 16. Qc2 Nxd2 17. Qxd2 f4 18. f3 Qg5 19. e3 fxg3 20. hxg3 Rf6 21.
f4 Qg6 22. Qe2 Ref8 23. Rad1 R6f7 24. Qd3 Rf5 25. Rh1 Nf6 26. Bc3 Nh5 27. Be1
d5 28. cxd5 exd5 29. Rc1 R8f7 30. b5 Nf6 31. Rc6 Re7 32. Bb4 Re4 33. Rxc7 Qe8
34. Bd2 Ng4 35. Rh4 h5 36. a4 Rf7 37. Rxf7 Qxf7 38. Rh1 g6 39. Qc3 Qe6 40. Kf3
Nf6 41. Rc1 Qg4+ 42. Kf2 Rxf4+ 43. Ke1 Qxg3+ 44. Kd1 Rf1+ 45. Kc2 Rxc1+ 46.
Kxc1 Qd6 47. Qc8+ Kf7 48. Kd1 Qg3 49. Qh8 Qg4+ 50. Kc2 h4 51. Bb4 g5 52. Be1
Qe2+ 53. Bd2 0-1

[Event "Le Dumouchel"]
[Site "Montreal CAN"]
[Date "2004.04.??"]
[Round "1"]
[White "Lacroix, Serge"]
[Black "Martinez, Jean-Francois"]
[Result "1-0"]
[WhiteElo "1950"]
[BlackElo "2000"]
[PlyCount "39"]
[EventDate "2004.04.??"]
[EventType "swiss"]
[EventRounds "4"]
[EventCountry "CAN"]

1. d4 Nf6 2. c4 e6 3. Nc3 Bb4 4. e3 O-O 5. Nge2 b6 6. a3 Be7 7. e4 d5 8. e5 Ne4
9. cxd5 exd5 10. Nf4 Nxc3 11. bxc3 f6 12. Bd3 fxe5 13. dxe5 Bf5 14. O-O c6 15.
Re1 Bg5 16. Bxf5 Bxf4 17. Qh5 g6 18. Bxg6 Qe7 19. Bxf4 Rxf4 20. Bxh7+ 1-0

[Event "Le Dumouchel"]
[Site "Montreal CAN"]
[Date "2004.04.??"]
[Round "2"]
[White "Pitre, Francois"]
[Black "Lacroix, Serge"]
[Result "1/2-1/2"]
[WhiteElo "2000"]
[BlackElo "1950"]
[PlyCount "70"]
[EventDate "2004.04.??"]
[EventType "swiss"]
[EventRounds "4"]
[EventCountry "CAN"]

1. d4 Nf6 2. Nf3 g6 3. c4 Bg7 4. Nc3 d5 5. cxd5 Nxd5 6. e4 Nxc3 7. bxc3 O-O 8.
Bc4 c5 9. Be3 Bg4 10. O-O cxd4 11. cxd4 Nc6 12. Rb1 Nxd4 13. Bxd4 Bxf3 14. gxf3
Bxd4 15. Rxb7 e6 16. f4 Qf6 17. Qg4 Rfc8 18. Bb3 h5 19. Qg5 Qxg5+ 20. fxg5 Rc5
21. h4 Rac8 22. Rd7 Be5 23. Rfd1 a5 24. Ra7 Kf8 25. Rdd7 R5c7 26. Rdxc7 Bxc7
27. Kg2 Ke8 28. Ra6 Rb8 29. Rc6 Kd8 30. Rc2 Rb4 31. Kf3 Rd4 32. Rc4 Rd3+ 33.
Kg2 Rd2 34. Rc2 Rd4 35. Rc4 Rd2 1/2-1/2

[Event "Le Dumouchel"]
[Site "Montreal CAN"]
[Date "2004.04.??"]
[Round "3"]
[White "Lacroix, Serge"]
[Black "Bolduc, Steve"]
[Result "0-1"]
[WhiteElo "1950"]
[BlackElo "2250"]
[PlyCount "66"]
[EventDate "2004.04.??"]
[EventType "swiss"]
[EventRounds "4"]
[EventCountry "CAN"]

1. d4 Nf6 2. c4 e6 3. Nc3 Bb4 4. e3 c5 5. Nge2 cxd4 6. exd4 O-O 7. a3 Be7 8.
Nf4 d5 9. Be3 Nc6 10. Be2 dxc4 11. Bxc4 Bd6 12. Nd3 b6 13. d5 exd5 14. Nxd5 Ne5
15. Nxe5 Nxd5 16. Qf3 Bxe5 17. Bxd5 Ba6 18. O-O-O Rc8+ 19. Kb1 Qc7 20. Rc1 Bd3+
21. Ka2 Bc2 22. Bb3 Bxb3+ 23. Kxb3 Qd7 24. Ka2 Qb5 25. b3 Qd3 26. Qd1 Rxc1 27.
Qxd3 Rxh1 28. Bd4 Rd8 29. b4 Rxd4 30. Qa6 Bf6 31. Qxa7 h6 32. Qxb6 Rd3 33. Qd8+
Rxd8 0-1

[Event "Bolduc III - section B"]
[Site "Montreal CAN"]
[Date "2004.03.22"]
[Round "1"]
[White "Thomas, William"]
[Black "Lacroix, Serge"]
[Result "0-1"]
[WhiteElo "1998"]
[BlackElo "2071"]
[PlyCount "160"]
[EventDate "2004.03.22"]
[EventType "tourn"]
[EventRounds "9"]
[EventCountry "CAN"]

1. Nf3 Nf6 2. b4 g6 3. Bb2 Bg7 4. c4 O-O 5. d4 d5 6. e3 Bg4 7. Nc3 dxc4 8. Bxc4
Nbd7 9. O-O e5 10. dxe5 Bxf3 11. Qxf3 Nxe5 12. Qe2 Nxc4 13. Qxc4 Qe7 14. Ne2
Rfd8 15. Nd4 Nd5 16. b5 Qb4 17. Qe2 Nf4 18. exf4 Bxd4 19. Rab1 Bxb2 20. Rxb2
Qxf4 21. g3 Qd4 22. Rc1 Re8 23. Qc2 Rad8 24. Rb3 Rd7 25. Rc3 Ree7 26. Rc4 Qb6
27. a4 h5 28. Rd1 Qe6 29. Rc1 a6 30. bxa6 Qxa6 31. Qb2 c6 32. g4 hxg4 33. h3
Qa5 34. hxg4 Re1+ 35. Kg2 Qd5+ 36. f3 Re3 37. Rf4 Rde7 38. Rc2 Qd3 39. Kg3 Re1
40. Rd2 Rg1+ 41. Kh2 Qe3 42. Rd8+ Re8 43. Rxe8+ Qxe8 44. Kxg1 Qe3+ 45. Kg2 Qxf4
46. Qxb7 Qxa4 47. Qb8+ Kh7 48. Qh2+ Kg7 49. Qe5+ Kh6 50. Kg3 Kh7 51. Qe8 Qc4
52. g5 Qd5 53. f4 c5 54. Qe2 c4 55. Qh2+ Kg8 56. Qc2 Qd4 57. Kf3 c3 58. Qc1
Qd3+ 59. Kf2 c2 60. Ke1 Qg3+ 61. Ke2 Qc3 62. Kf2 Kf8 63. Ke2 Ke7 64. f5 Qe5+
65. Kd2 Qxf5 66. Qa3+ Ke8 67. Qa8+ Ke7 68. Qa3+ Ke6 69. Qa6+ Ke5 70. Qa7 Qxg5+
71. Kxc2 Qg2+ 72. Kd1 Qd5+ 73. Ke1 Qe4+ 74. Kf1 Qf4+ 75. Kg2 Qd2+ 76. Kh1 Qd5+
77. Kh2 g5 78. Qe7+ Kf5 79. Qa3 g4 80. Qb2 Qe5+ 0-1

[Event "Bolduc III - section B"]
[Site "Montreal CAN"]
[Date "2004.03.29"]
[Round "2"]
[White "Libersan, Thierry"]
[Black "Lacroix, Serge"]
[Result "1-0"]
[WhiteElo "2080"]
[BlackElo "2071"]
[PlyCount "133"]
[EventDate "2004.03.22"]
[EventType "tourn"]
[EventRounds "9"]
[EventCountry "CAN"]

1. e4 c5 2. Nf3 d6 3. d4 cxd4 4. Nxd4 Nf6 5. Nc3 Nc6 6. Bc4 e6 7. Bb3 Be7 8.
Be3 O-O 9. f3 a6 10. Qd2 Qc7 11. O-O-O Bd7 12. g4 Na5 13. g5 Nh5 14. Nce2 Nc4
15. Bxc4 Qxc4 16. Kb1 Rfc8 17. Ng3 g6 18. Nxh5 gxh5 19. Ne2 e5 20. h4 a5 21.
Ng3 Be6 22. b3 Qc6 23. Rh2 a4 24. Nxh5 axb3 25. cxb3 Ra3 26. Rc1 Qb5 27. Rxc8+
Bxc8 28. Nf6+ Kg7 29. Nd5 Bd8 30. h5 Be6 31. h6+ Kf8 32. Kb2 Ra6 33. Qb4 Qc6
34. Qc4 Qd7 35. Qd3 b5 36. Rc2 Rc6 37. Rxc6 Qxc6 38. Nb4 Qd7 39. Nd5 Qc6 40.
Bd2 Bb6 41. Nf6 Bd4+ 42. Bc3 Bc5 43. Nxh7+ Kg8 44. Nf6+ Kh8 45. Nd5 Qb7 46. b4
Bf2 47. f4 Bxd5 48. Qxd5 Qxd5 49. exd5 Bg3 50. fxe5 dxe5 51. d6 Bf4 52. d7 Bxg5
53. Bxe5+ Kh7 54. Bc7 Kxh6 55. d8=Q Bxd8 56. Bxd8 f5 57. a4 bxa4 58. b5 f4 59.
b6 f3 60. Bh4 Kh5 61. Bf2 Kg4 62. b7 Kh3 63. b8=Q a3+ 64. Kc3 Kg2 65. Qg3+ Kf1
66. Kd2 a2 67. Qg1# 1-0

[Event "Bolduc III - section B"]
[Site "Montreal CAN"]
[Date "2004.04.05"]
[Round "3"]
[White "Lacroix, Serge"]
[Black "Robidas, Francois"]
[Result "1-0"]
[WhiteElo "2071"]
[BlackElo "1941"]
[PlyCount "121"]
[EventDate "2004.03.22"]
[EventType "tourn"]
[EventRounds "9"]
[EventCountry "CAN"]

1. d4 d5 2. c4 e6 3. Nc3 c5 4. e3 Nf6 5. Nf3 Nc6 6. Be2 Be7 7. O-O O-O 8. dxc5
Bxc5 9. cxd5 exd5 10. Nb5 a6 11. Nbd4 Bg4 12. b3 Re8 13. Bb2 Qd6 14. Rc1 Bb6
15. h3 Bh5 16. Nf5 Qe6 17. N3d4 Bxe2 18. Nxe6 Bxd1 19. Nexg7 Be2 20. Bxf6 Bxf1
21. Nxe8 Bxg2 22. Ned6 Bxh3 23. Nh6+ Kf8 24. Nxb7 Ne7 25. Nd6 Rd8 26. Ndxf7 Rd7
27. Ng5 Rd6 28. Bxe7+ Kxe7 29. Nxh3 Rxh6 30. Nf4 Rd6 31. Ne2 Kd7 32. Kg2 d4 33.
Nxd4 Bxd4 34. exd4 Rxd4 35. Rh1 Rd2 36. Rxh7+ Kc6 37. a4 Kc5 38. Rb7 Rd4 39.
Re7 Rb4 40. Re3 Kd4 41. Kf3 Kd5 42. Rd3+ Ke5 43. Re3+ Kd5 44. Ke2 Rf4 45. Rd3+
Ke5 46. f3 Rh4 47. Ke3 Rb4 48. Rc3 Kd5 49. f4 Kd6 50. Kf3 Kd5 51. Kg4 Rb6 52.
Kg5 Kd4 53. Rh3 Ke4 54. f5 Ke5 55. a5 Rb5 56. f6 Ke6+ 57. Kg6 Rb8 58. Re3+ Kd7
59. f7 Kd6 60. Kg7 Rb7 61. Kg8 1-0

[Event "Bolduc III - section B"]
[Site "Montreal CAN"]
[Date "2004.04.12"]
[Round "4"]
[White "Barre, Michel"]
[Black "Lacroix, Serge"]
[Result "0-1"]
[WhiteElo "1947"]
[BlackElo "2071"]
[PlyCount "109"]
[EventDate "2004.03.22"]
[EventType "tourn"]
[EventRounds "9"]
[EventCountry "CAN"]

1. d4 Nf6 2. Nf3 g6 3. c4 d5 4. Nc3 Bg7 5. e3 O-O 6. Qb3 c6 7. Bd3 dxc4 8. Bxc4
Qb6 9. Qa3 Re8 10. O-O Bf5 11. Bd2 Nbd7 12. Rfe1 e6 13. h3 Bf8 14. Qb3 Qxb3 15.
Bxb3 Ne4 16. Nxe4 Bxe4 17. Ng5 Bd3 18. Bc3 h6 19. Rad1 Bf5 20. Nf3 Be4 21. Nd2
Bd5 22. e4 Bxb3 23. Nxb3 b6 24. d5 exd5 25. exd5 Rxe1+ 26. Rxe1 c5 27. Nd2 Bg7
28. Bxg7 Kxg7 29. Nc4 Kf8 30. a4 Re8 31. Rxe8+ Kxe8 32. Nd6+ Ke7 33. Nc8+ Kf6
34. Nxa7 Ke5 35. a5 Kxd5 36. axb6 Nxb6 37. Nb5 Nc4 38. Nc3+ Kd4 39. Na4 Nd2 40.
f3 Kc4 41. Kf2 Kb4 42. Nc3 Nc4 43. Ke2 Nxb2 44. Kd2 Nc4+ 45. Kd3 Ne5+ 46. Kc2
c4 47. Ne4 f5 48. Nf2 Nc6 49. Nd1 Nd4+ 50. Kb2 Ne2 51. Kc2 Nf4 52. Ne3 Kc5 53.
Kc3 Nd5+ 54. Nxd5 Kxd5 55. h4 0-1

[Event "Bolduc III - section B"]
[Site "Montreal CAN"]
[Date "2004.04.19"]
[Round "5"]
[White "Lacroix, Serge"]
[Black "Falardeau, Bruno"]
[Result "1-0"]
[WhiteElo "2071"]
[BlackElo "1969"]
[PlyCount "95"]
[EventDate "2004.03.22"]
[EventType "tourn"]
[EventRounds "9"]
[EventCountry "CAN"]

1. d4 d5 2. c4 c6 3. Nc3 Nf6 4. Bf4 Bf5 5. e3 e6 6. Nf3 Nbd7 7. cxd5 exd5 8.
Bd3 Bg4 9. h3 Bh5 10. a3 Be7 11. b4 O-O 12. Qb3 Bxf3 13. gxf3 Nh5 14. Bh2 Bh4
15. Ra2 Qf6 16. Be2 Qe6 17. O-O Qxh3 18. f4 Ndf6 19. Qd1 Rfe8 20. Bf3 Re6 21.
Bg2 Qf5 22. Qb1 Ne4 23. f3 Nd6 24. e4 dxe4 25. fxe4 Qg4 26. f5 Rh6 27. Qd1 Qxd1
28. Rxd1 Nc4 29. Rd3 Bg5 30. Ne2 g6 31. d5 gxf5 32. dxc6 bxc6 33. exf5 Ne3 34.
Rd6 Rxd6 35. Bxd6 Rd8 36. Bc5 Rd1+ 37. Kh2 Nxg2 38. Kxg2 Rd7 39. Rc2 Nf4+ 40.
Nxf4 Bxf4 41. Kf3 Bd6 42. Rd2 Bxc5 43. Rxd7 Bb6 44. Kg4 Kg7 45. a4 Be3 46. Rc7
Bd2 47. Rxc6 Bxb4 48. Kh5 1-0

[Event "Bolduc III - section B"]
[Site "Montreal CAN"]
[Date "2004.04.26"]
[Round "6"]
[White "Corriveau, Philippe"]
[Black "Lacroix, Serge"]
[Result "0-1"]
[WhiteElo "2038"]
[BlackElo "2071"]
[PlyCount "76"]
[EventDate "2004.03.22"]
[EventType "tourn"]
[EventRounds "9"]
[EventCountry "CAN"]

1. e4 c5 2. Nc3 e6 3. g3 d5 4. exd5 exd5 5. d4 Nc6 6. Bg2 Nxd4 7. Nxd5 Bf5 8.
Ne3 Qe7 9. Ne2 O-O-O 10. Bd2 Be4 11. Nxd4 Bxg2 12. Qg4+ Kb8 13. Qf4+ Ka8 14.
Ndf5 Qe4 15. Qxe4 Bxe4 16. Rf1 g6 17. Nh4 Bg7 18. O-O-O Ne7 19. f3 Bc6 20. f4
Nd5 21. f5 Rhe8 22. Rde1 Bb5 23. Nxd5 Rxd5 24. Rxe8+ Bxe8 25. fxg6 fxg6 26. Re1
Bc6 27. Nf3 a6 28. Ng5 Bxb2+ 29. Kxb2 Rxd2 30. h3 h6 31. Ne4 Rg2 32. Nxc5 Rxg3
33. Re6 Ka7 34. h4 h5 35. Ne4 Rg4 36. Nf2 Rg2 37. Nd3 Bd7 38. Rf6 Bf5 0-1

[Event "Bolduc III - section B"]
[Site "Montreal CAN"]
[Date "2004.05.03"]
[Round "7"]
[White "Lacroix, Serge"]
[Black "Charbonneau, Anne-Marie"]
[Result "1/2-1/2"]
[WhiteElo "2071"]
[BlackElo "2086"]
[PlyCount "70"]
[EventDate "2004.03.22"]
[EventType "tourn"]
[EventRounds "9"]
[EventCountry "CAN"]

1. d4 d5 2. c4 e6 3. Nc3 Be7 4. Nf3 Nf6 5. Bf4 O-O 6. e3 c5 7. Bd3 dxc4 8. Bxc4
a6 9. dxc5 Bxc5 10. O-O b5 11. Qxd8 Rxd8 12. Rfd1 Rxd1+ 13. Rxd1 Nbd7 14. Bb3
Bb7 15. Ne5 Nb6 16. Kf1 Nbd5 17. Nxd5 Nxd5 18. Bxd5 Bxd5 19. b3 Ba3 20. f3 f6
21. Nd3 e5 22. e4 Be6 23. Bc1 Be7 24. Be3 Rc8 25. Rc1 Rxc1+ 26. Nxc1 a5 27. Ke2
Kf7 28. Kd2 Bb4+ 29. Kc2 Ke7 30. Nd3 Bd6 31. Nc5 Bf7 32. h3 Bc7 33. Nd3 Kd7 34.
Bc5 Bd6 35. Be3 Kc6 1/2-1/2

[Event "Bolduc III - section B"]
[Site "Montreal CAN"]
[Date "2004.05.10"]
[Round "8"]
[White "Laframboise, Marc-Andre"]
[Black "Lacroix, Serge"]
[Result "1-0"]
[WhiteElo "2137"]
[BlackElo "2071"]
[PlyCount "63"]
[EventDate "2004.03.22"]
[EventType "tourn"]
[EventRounds "9"]
[EventCountry "CAN"]

1. d4 Nf6 2. c4 g6 3. Nc3 d5 4. cxd5 Nxd5 5. e4 Nxc3 6. bxc3 Bg7 7. Bc4 O-O 8.
Be3 c5 9. Rc1 Nc6 10. Ne2 cxd4 11. cxd4 Qa5+ 12. Kf1 Rd8 13. h4 Ne5 14. Bd2
Nxc4 15. Bxa5 Nxa5 16. f3 b6 17. Qd3 Bb7 18. Kf2 e5 19. d5 Rd7 20. h5 f5 21.
hxg6 fxe4 22. gxh7+ Kh8 23. fxe4 Rf8+ 24. Kg1 Nc6 25. Qb5 Nb8 26. Ng3 Rf4 27.
Qe2 Bf8 28. Qh5 Re7 29. Nf5 Rxf5 30. Qxf5 Bg7 31. Rc8+ Bxc8 32. Qxc8+ 1-0

[Event "Singher-Montmarquette I"]
[Site "Montreal CAN"]
[Date "2004.03.28"]
[Round "9"]
[White "Lacroix, Serge"]
[Black "Bolduc, Steve"]
[Result "1-0"]
[WhiteElo "2043"]
[BlackElo "2293"]
[PlyCount "108"]
[EventDate "2004.02.14"]
[EventType "tourn"]
[EventRounds "9"]
[EventCountry "CAN"]

1. d4 d5 2. c4 c5 3. dxc5 d4 4. e3 e5 5. exd4 exd4 6. Nf3 Bxc5 7. Bd3 Qe7+ 8.
Qe2 Qxe2+ 9. Kxe2 h6 10. Nbd2 Nc6 11. Ne4 Be7 12. Bf4 Be6 13. a3 Nf6 14. Nd6+
Bxd6 15. Bxd6 O-O-O 16. Bg3 Rhe8 17. Kd2 Na5 18. Rae1 Nb3+ 19. Kc2 Nc5 20. Re5
Nfd7 21. Ree1 Nxd3 22. Kxd3 Nc5+ 23. Kc2 Bf5+ 24. Kd2 Ne4+ 25. Kc1 f6 26. Rd1
d3 27. Nd2 Nxg3 28. hxg3 Re2 29. Rhf1 Rde8 30. b3 Bg4 31. f3 Bf5 32. g4 Bh7 33.
g3 Rg2 34. Rg1 Ree2 35. Rxg2 Rxg2 36. Re1 Kd7 37. Ne4 Kc6 38. Re3 Re2 39. Rxd3
Bxe4 40. fxe4 Rxe4 41. Kc2 Rxg4 42. Kc3 h5 43. b4 h4 44. gxh4 Rxh4 45. a4 g5
46. b5+ Kc7 47. Re3 Rh7 48. Re6 Rf7 49. c5 g4 50. Kd3 g3 51. Ke2 f5 52. Rg6 f4
53. Kf3 Kd7 54. a5 a6 1-0

[Event "Repentigny"]
[Site "Repentigny CAN"]
[Date "2004.01.10"]
[Round "2"]
[White "Lacroix, Serge"]
[Black "Cloutier, Mario"]
[Result "1-0"]
[WhiteElo "2106"]
[BlackElo "2004"]
[PlyCount "59"]
[EventDate "2004.01.09"]
[EventType "swiss"]
[EventRounds "5"]
[EventCountry "CAN"]

1. e4 c5 2. Nf3 e6 3. d4 cxd4 4. Nxd4 a6 5. Nc3 b5 6. a3 Bb7 7. Be2 Qc7 8. f4
d6 9. Be3 Nf6 10. Bf3 Nbd7 11. Nb3 Be7 12. Qe2 Nb6 13. Na5 Nfd7 14. Nxb7 Qxb7
15. Rd1 Rc8 16. O-O Nc4 17. Bc1 Qb6+ 18. Qf2 Qxf2+ 19. Rxf2 Bf6 20. e5 dxe5 21.
Bb7 Rc7 22. Bxa6 Ke7 23. Bxb5 Ndb6 24. Ne4 exf4 25. Bxf4 Nxb2 26. Bd6+ Kd8 27.
Bxc7+ Kxc7 28. Rdd2 N2c4 29. Bxc4 Nxc4 30. Rd3 1-0

[Event "Repentigny"]
[Site "Repentigny CAN"]
[Date "2004.01.11"]
[Round "5"]
[White "Gerard, Patrice"]
[Black "Lacroix, Serge"]
[Result "0-1"]
[WhiteElo "1728"]
[BlackElo "2106"]
[PlyCount "66"]
[EventDate "2004.01.09"]
[EventType "swiss"]
[EventRounds "5"]
[EventCountry "CAN"]

1. e4 e5 2. Nf3 Nc6 3. Bb5 a6 4. Ba4 Nf6 5. O-O Be7 6. Re1 b5 7. Bb3 d6 8. h3
Na5 9. c3 Nxb3 10. axb3 c5 11. d3 O-O 12. Nbd2 Qc7 13. Nf1 Re8 14. Bg5 g6 15.
Ne3 Bb7 16. c4 Nh5 17. Ng4 Bxg5 18. Nxg5 f6 19. Nf3 Qg7 20. Nd2 Nf4 21. Qf3 Rf8
22. cxb5 axb5 23. Rxa8 Rxa8 24. g3 Nxh3+ 25. Kg2 f5 26. Ne3 Ng5 27. Qd1 Ne6 28.
b4 Nd4 29. bxc5 dxc5 30. Nb3 fxe4 31. Nxc5 exd3+ 32. Nxb7 Qxb7+ 33. f3 Ra2 0-1

[Event "Quebec-ch classe"]
[Site "Repentigny CAN"]
[Date "2003.11.22"]
[Round "2"]
[White "Khaziyeva, Dinara"]
[Black "Lacroix, Serge"]
[Result "1/2-1/2"]
[WhiteElo "2029"]
[BlackElo "2165"]
[PlyCount "100"]
[EventDate "2003.11.21"]
[EventType "swiss"]
[EventRounds "5"]
[EventCountry "CAN"]

1. c4 Nf6 2. Nf3 e6 3. g3 d5 4. b3 c5 5. Bg2 Nc6 6. Bb2 d4 7. d3 e5 8. O-O Bf5
9. Nh4 Be6 10. e4 Be7 11. Bc1 Qd7 12. f4 Bg4 13. Bf3 Bh3 14. Bg2 Bxg2 15. Kxg2
g6 16. Nf3 exf4 17. Bxf4 Nh5 18. Bd2 f6 19. Na3 O-O 20. Nc2 Bd6 21. Rb1 Qg4 22.
Nh4 Qe6 23. b4 b6 24. bxc5 bxc5 25. Na1 Ne5 26. Qe2 Rab8 27. Bh6 Rfe8 28. Rb3
Ng4 29. Bd2 Nxh2 30. Rfb1 Nxg3 31. Qe1 Qg4 32. Kxh2 Qxh4+ 33. Kg2 Qg4 34. Kf2
Nh5 35. Qh1 Bg3+ 36. Kf1 Bd6 37. Ke1 Qg3+ 38. Kd1 Qg4+ 39. Kc2 Ng3 40. Qg2 h5
41. e5 Bxe5 42. Rxb8 Rxb8 43. Rxb8+ Bxb8 44. Qd5+ Kf8 45. Qd8+ Kf7 46. Qxb8 h4
47. Qxa7+ Kg8 48. Qb8+ Kf7 49. Qc7+ Kg8 50. Qb8+ Kf7 1/2-1/2

[Event "Quebec-ch classe"]
[Site "Repentigny CAN"]
[Date "2003.11.22"]
[Round "3"]
[White "Lacroix, Serge"]
[Black "Trottier, Yves"]
[Result "0-1"]
[WhiteElo "2165"]
[BlackElo "2038"]
[PlyCount "98"]
[EventDate "2003.11.21"]
[EventType "swiss"]
[EventRounds "5"]
[EventCountry "CAN"]

1. e4 e5 2. Nf3 Nf6 3. Nxe5 d6 4. Nf3 Nxe4 5. d4 d5 6. Bd3 Nc6 7. O-O Be7 8. c4
Bg4 9. Nc3 Nxc3 10. bxc3 dxc4 11. Bxc4 O-O 12. Bf4 Bd6 13. Bg3 Qf6 14. Bxd6
Qxd6 15. Re1 Qf6 16. Be2 Rfe8 17. Nd2 Bd7 18. Qb3 Re7 19. Bf3 b6 20. Rxe7 Qxe7
21. Qc4 b5 22. Qxb5 Nxd4 23. Qb7 Nxf3+ 24. Nxf3 Qd8 25. Rd1 Qb8 26. Qe4 Qe8 27.
Qd4 Ba4 28. Re1 Qd7 29. Qxd7 Bxd7 30. Re7 Be6 31. Rxc7 Bxa2 32. Nd4 a5 33. Nc6
a4 34. Ra7 Rxa7 35. Nxa7 Bc4 36. Nc6 a3 37. Nd4 Kf8 38. f4 Ke7 39. Kf2 Kd6 40.
Ke3 Kc5 41. g3 a2 42. Nc2 Bb3 43. Na1 Kc4 44. Kd2 f5 45. h3 h5 46. h4 g6 47.
Kc1 Kxc3 48. Nc2 Bxc2 49. g4 a1=Q# 0-1

[Event "Quebec-ch classe"]
[Site "Repentigny CAN"]
[Date "2003.11.22"]
[Round "4"]
[White "Angers, Gilles"]
[Black "Lacroix, Serge"]
[Result "1/2-1/2"]
[WhiteElo "1986"]
[BlackElo "2165"]
[PlyCount "66"]
[EventDate "2003.11.21"]
[EventType "swiss"]
[EventRounds "5"]
[EventCountry "CAN"]

1. Nf3 Nf6 2. g3 b6 3. Bg2 Bb7 4. O-O d5 5. d3 c5 6. Nbd2 Nbd7 7. Re1 e6 8. e4
dxe4 9. Ng5 Be7 10. Ndxe4 Nxe4 11. Nxe4 Qc7 12. a4 O-O 13. Qh5 Nf6 14. Nxf6+
Bxf6 15. Bf4 Qd7 16. Bxb7 Qxb7 17. Be5 Qd5 18. Qe2 Bxe5 19. Qxe5 Qxe5 20. Rxe5
a5 21. Re4 Rfd8 22. Rd1 Rd5 23. Kf1 Rad8 24. Ke2 R8d6 25. f4 Kf8 26. g4 h5 27.
h3 hxg4 28. hxg4 g5 29. Ke3 gxf4+ 30. Rxf4 Rd4 31. Kf3 Kg7 32. Rxd4 Rxd4 33. b3
Kf6 1/2-1/2